Last 8 Elite 8s Quiz Stats

Quiz Updated Mar 25, 2017

Also try: Last 16 Sweet 16s
Challenge
Share
Tweet
Embed
Score 0/64 Timer 06:00
3 Plays Today
Year Team % Correct
2013Duke
97.2%
2010Duke
97.2%
2015Duke
97.1%
2012North Carolina
96.9%
2011North Carolina
96.9%
2016North Carolina
96.2%
2014Kentucky
96%
2011Kentucky
96%
2010Kentucky
96%
2012Kentucky
96%
2015Kentucky
95.3%
2012Kansas
94.1%
2011Kansas
94.1%
2013Michigan
93.8%
2014Michigan
93.8%
2017North Carolina
93.6%
2017Kentucky
93.5%
2016Kansas
93%
2014Michigan State
91.9%
2010Michigan State
91.9%
2014Florida
91.2%
2013Florida
91.2%
2011Florida
91.2%
2012Florida
91.2%
2015Michigan State
90.3%
2017Kansas
89.2%
2013Syracuse
88.6%
2012Syracuse
88.6%
2016Villanova
87.6%
2016Syracuse
87.2%
2017Florida
87%
2014Wisconsin
86.1%
Year Team % Correct
2016Oregon
85.4%
2015Wisconsin
84%
2017Gonzaga
83.6%
2014Connecticut
82.8%
2011Connecticut
82.8%
2016Oklahoma
82.3%
2013Ohio State
82.1%
2012Ohio State
82.1%
2014Arizona
81.2%
2011Arizona
81.2%
2017Oregon
81.1%
2016Virginia
78.5%
2013Louisville
77.7%
2012Louisville
77.7%
2015Arizona
77.6%
2017South Carolina
76.8%
2011Butler
75.7%
2010Butler
75.7%
2015Louisville
73.6%
2015Gonzaga
70.4%
2016Notre Dame
68%
2015Notre Dame
67.5%
2017Xavier
60.8%
2011VCU
60.6%
2013Wichita State
59.2%
2010Kansas State
55.8%
2010Tennessee
54.6%
2010West Virginia
54.2%
2012Baylor
50.8%
2010Baylor
50.8%
2014Dayton
40.2%
2013Marquette
38.2%

You're not logged in!

Compare scores with friends on all Sporcle quizzes.
Sign Up with Email
OR
Log In

You Might Also Like...

Show Comments

Extras

Top Quizzes Today


Score Distribution

Your Account Isn't Verified!

In order to create a playlist on Sporcle, you need to verify the email address you used during registration. Go to your Sporcle Settings to finish the process.